Statistiken für Liedtext - Move it - Culcha Candela

Klicken Sie hier um das Quiz zu spielen!

Allgemein

  • Dieses Quiz wurde 31 mal gespielt
  • Das Durchschnittsergebnis liegt bei 197 aus 428

Antwortstatistiken

Textquiz% Korrekt
I
100%
i
100%
it
89%
move
89%
you
70%
You
70%
a
59%
to
59%
me
48%
an
44%
So
44%
so
44%
Come
41%
come
41%
on
41%
ah-ah
37%
dance
37%
I´m
37%
in
37%
and
33%
dich
33%
die
33%
du
33%
Es
33%
gir-gir-gir-gir-girl
33%
girl
33%
go
33%
ich
33%
Ich
33%
im
33%
ist
33%
Mann
33%
The
33%
the
33%
und
33%
was
33%
Why
33%
bo
30%
deinem
30%
der
30%
geh´n
30%
groove
30%
here
30%
kann
30%
mich
30%
now
30%
over
30%
uns
30%
wie
30%
Wie
30%
wird
30%
allein
26%
alles
26%
bewegst
26%
cute
26%
don´t
26%
for
26%
get
26%
know
26%
kündige
26%
Lass
26%
lass
26%
let´s
26%
little
26%
look
26%
make
26%
mir
26%
nicht
26%
right
26%
sich
26%
tanzen
26%
way
26%
Welt
26%
wunderschön
26%
anders
22%
angenehm
22%
anmachst
22%
anzuseh´n
22%
Beckenrand
22%
Bounce
22%
diskutier´n
22%
dreht
22%
fest
22%
geseh´n
22%
hat
22%
Jeder
22%
komm
22%
Körpersprache
22%
lässt
22%
mood
22%
nie
22%
Nur
22%
nur
22%
schwimmen
22%
überleg
22%
versteh´n
22%
wanna
22%
weil
22%
würd
22%
your
22%
anlachst
19%
beat
19%
closer
19%
Diskolicht
19%
halt
19%
noch
19%
philosophier´n
19%
this
19%
ya
19%
Boom
15%
boom
15%
down
15%
feet
11%
sound
11%
wine
7%

Verteilung der Resultate

Perzentil nach korrekt beantworteten Fragen

Anzahl Personen mit jedem Resultat

Ihre Resultats-Entwicklung

Sie haben dieses Quiz noch nicht gespielt